| 000 | 00408cam a2200169ua 4500 | ||
|---|---|---|---|
| 020 | _c1.40 | ||
| 041 |
_amal _h |
||
| 082 |
_a894.8121 _bDAM/KU |
||
| 100 | _aDamodaran pillai, K R . | ||
| 245 |
_aKumara kodi / _cK R Damodaran pillai. _hTextual Documents |
||
| 260 |
_a : _bK R Damodaran pillai , _c1957. |
||
| 300 | _a80 ; . | ||
| 365 | _a1.40 | ||
| 504 | _a | ||
| 942 | _cBK | ||
| 999 |
_c5158 _d5158 |
||